000 00994nam0a22002531 4500
001 rc\32793
005 20250620153435.0
010 _a5-88196-727-5
_bАСТ
_9100000
010 _a5-88818-001-7
_bКомпания "Ключ-С"
035 _a(NLR Aleph) 005317506
090 _a6452219
_c6452220
100 _a20021216d1996 |||y0rusy50 ca
101 0 _arus
102 _aRU
105 _aa |||||||||
200 1 _aИстория Отечества
_eСправ. школьника
_f[Науч. разраб. и сост. Ф.С. Капицы
_gНауч. ред.: к. ист. н., доц. С.В. Новиков]
210 _aМ.
_cФилол. о-во "Слово"
_cАСТ
_d1996
215 _a543 с.
_cил.
_d21
702 1 _4070
_7ca
_8rus
_aКапица
_bФ. С.
_cфилолог, переводчик
_f1950-2017
_gФедор Сергеевич
_9219802
_3RU\NLR\AUTH\770219858
801 0 _aRU
_bNLR
_gpsbo
801 1 _aRU
_bELAR
_2rusmarc
852 _aNLR
_bС
_jК-2/6899
942 _cBOOK
980 _aNB